| 000 | 00950nam a22002537a 4500 | ||
|---|---|---|---|
| 005 | 20170123164156.0 | ||
| 010 | _aB-075562 | ||
| 020 | _c550.00 | ||
| 035 | _aB-075562 | ||
| 037 | _bCen Lib / Ret | ||
| 040 |
_aDPL _bPN |
||
| 082 |
_a850.8 _bਰਮਾਰ |
||
| 100 |
_aਰਮਾ ਰਤਨ _946919 |
||
| 245 |
_aਬਾਲ ਸਾਹਿਤ ਦੀ ਪਛਾਣ / _cਰਮਾ ਰਤਨ |
||
| 246 |
_aBal sahit di pachan / _bby Rama Rattan |
||
| 260 |
_aਅੰਮ੍ਰਿਤਸਰ _bਲੋਕ ਸਾਹਿਤ ਪ੍ਰਕਾਸ਼ਨ _c2001 |
||
| 270 |
_a186, ਗਰੀਨ ਔਵੀਨਿਊ _bਅੰਮ੍ਰਿਤਸਰ _e143001 |
||
| 300 |
_a372p. _c21cm(pbk) |
||
| 650 |
_a ਪੰਜਾਬੀ-- ਸਾਹਿਤ _9141985 |
||
| 650 |
_aਪੰਜਾਬੀ-- ਕਹਾਣੀਆਂ _9141986 |
||
| 650 |
_aPunjabi-- Literature _9141987 |
||
| 650 |
_aPunjabi Literature--Fiction _9141988 |
||
| 942 |
_2ddc _cPN _h850.8 _mਰਮਾਰ |
||
| 999 |
_c110742 _d110742 |
||